| 000 | 00908cam a22002893a 4500 | ||
|---|---|---|---|
| 001 | 0000729 | ||
| 003 | DO-SdBNP | ||
| 005 | 20171109120501.0 | ||
| 007 | 0000729 | ||
| 008 | 861112 2009 mx a 000 0 spa d | ||
| 010 | _a | ||
| 020 | _a9786074360158 | ||
| 040 |
_aBPMSU _cspa _dBPMSU _d |
||
| 082 | 4 |
_a612 _bA111v |
|
| 245 | 0 | 0 |
_aA ver qué sabes del cuerpo humano _blibro-juego de preguntas y respuestas / _cdirección editorial Ramiro Martínez Menéndez |
| 260 |
_aTlalnepantla, México : _bLexus, _bEdiciones Euroméxico, _c2009. |
||
| 300 |
_a200 p. : _bil. _c34 cm. |
||
| 600 | 0 | 0 |
_a _x |
| 650 | 4 | _aCUERPO HUMANO | |
| 650 | 4 |
_aCUERPO HUMANO _xPREGUNTAS Y RESPUESTAS, ETC. |
|
| 650 | 4 | _aFISIOLOGÍA HUMANA | |
| 650 | 4 | _aANATOMIA HUMANA | |
| 700 | 1 | 2 |
_aMartínez Menéndez, Ramiro _edir. |
| 942 |
_2ddc _cBK |
||
| 945 | _aInventariado extranjero / 2017 VM | ||
| 956 |
_2YLOCKWARD _310 _8BPMSU |
||
| 999 |
_c11601 _d11601 |
||